Bioenergética /

Guardado en:
Autor Principal: Raw, Isaias, 1927-
Autor Corporativo: Organización de los Estados Americanos (OEA). Programa Regional de Desarrollo Científico y Tecnológico.
Otros Autores: Colli, Walter.
Formato: Libro
Idioma:Portuguese
Publicado: Washington, D.C. : Secretaría-General da Organizaçao dos Estados Americanos, Programa Regional de Desenvolvimento Científico y Tecnológico, 1972.
Series:Serie de química ; monografía no. 2
Materias:
Etiquetas: Agregar Etiqueta
Sin Etiquetas, Sea el primero en etiquetar este registro!
LEADER 00921nam a22002175a 4500
001 EIQ.libpla000990
008 060710s1972####dcua#####b####000#0#por#d
005 20060710195558.0
245 1 0 |a Bioenergética /  |c por Isaias Raw e Walter Colli. 
260 |a Washington, D.C. :  |b Secretaría-General da Organizaçao dos Estados Americanos, Programa Regional de Desenvolvimento Científico y Tecnológico,  |c 1972. 
300 |a vi, 140 p. :  |b il. ;  |c 23 cm. 
440 0 |a Serie de química ;  |v monografía no. 2 
504 |a Bibliografía: p. 81-82. 
100 1 |a Raw, Isaias,  |d 1927- 
700 1 |a Colli, Walter. 
710 2 |a Organización de los Estados Americanos (OEA).  |b Programa Regional de Desarrollo Científico y Tecnológico. 
650 4 |a Bioenergía  |x Fotosíntesis. 
650 4 |a Bioenergy  |x Photosynthesis. 
010 |a  72221637  
040 |a AR-BbSID  |b spa  |d AR-BbSID 
859 |a AR-BbSID  |b BIB. PLAPIQUI  |h 574.191 21  |i R 11  |p 5251